000 00698nam a22002297a 4500
001 00028849
005 20260423145113.0
008 260423b ag ||||| |||| 00| 0 spa d
040 _aAR-CcCEOS
_bspa
_cAR-CcCEOS
041 _aspa
080 _a930.9
090 _bRON t.10
100 1 _aRoncayolo, Marcel
_91104
245 _aEl mundo y su historia X :
_bNuestros comtemporáneos /
_cMarcel Roncayolo
250 _a1ª ed.
264 _aBarcelona :
_bArgos,
_c1972.
300 _a475 p. ;
_c24x18 cm.
490 _vHistoria Universal ; t.10 NUESTROS CONTEMPORÁNEOS
650 0 _aHISTORIA UNIVERSAL
_91103
942 _2udc
_cBK
_n0
999 _c28890
_d28890